| 000 | 01121cam a2200313 i 4500 | ||
|---|---|---|---|
| 001 | 18491476 | ||
| 003 | EG-ScBUE | ||
| 005 | 20230111122629.0 | ||
| 008 | 150212t2014 cauc f 000 0 eng d | ||
| 020 | _a9781600583933 | ||
| 020 | _a050283046035 | ||
| 040 |
_aYDXCP _beng _erda _cYDXCP _dBTCTA _dBDX _dZQP _dOCLCQ _dOCLCF _dOCLCO _dDLC _dEG-ScBUE |
||
| 082 | 0 | 4 |
_a751.426 _bBRA _222 |
| 100 | 1 |
_aBradbury, Susan Miller, _eauthor. _937957 |
|
| 245 | 1 | 0 |
_aPortraits / _cSusan Miller Bradbury. |
| 246 | 3 | 4 |
_aPortraits : _bmaster the basic theories and techniques of painting portraits in acrylic |
| 264 | 1 |
_aIrvine, United States : _bWalter Foster Publishing / Quarto Publishing Group, _c[2014] |
|
| 264 | 4 | _cc2014 | |
| 300 |
_a64 pages : _bportraits ; _c24 cm. |
||
| 336 |
_2rdacontent _atext _btxt |
||
| 337 |
_2rdamedia _aunmediated _bn |
||
| 338 |
_2rdacarrier _avolume _bnc |
||
| 490 | 0 |
_aAcrylic made easy ; _vAME3 |
|
| 650 | 7 |
_aAcrylic painting _xTechnique. _2BUEsh _937852 |
|
| 650 | 7 |
_aPortrait painting _xTechnique. _2BUEsh _937958 |
|
| 653 |
_bCOMAME _cMay2015 |
||
| 655 | _vReading book | ||
| 942 |
_2ddc _k751.426 BRA _cBB |
||
| 999 |
_c19321 _d19293 |
||